| 000 | 01058nam a2200289 a 4500 | ||
|---|---|---|---|
| 001 | 000022392 | ||
| 003 | DO-SdBNP | ||
| 005 | 20251120120330.0 | ||
| 008 | 101007s2008 dr 000 0 spa d | ||
| 040 |
_aDO-SdBNP _bspa _cBNPHU |
||
| 049 | _aBNPD | ||
| 082 |
_a345.06 _bD812p |
||
| 100 | 1 |
_aDuarte Canaán, Pedro J., _d1963- _96300 |
|
| 245 | 1 | 3 |
_aLa prueba penal / _cPedro J. Duarte Canaán ; presentación Ramón A. Jáquez Liranzo ; prólogo Ramón Pina Acevedo M. |
| 250 | _a2a ed. | ||
| 260 |
_aSanto Domingo : _bEdiciones Jurídica Tajano Potentini, _c2008. |
||
| 300 |
_a274 p. ; _c24 cm. |
||
| 500 | _aIncluye datos biográficos del autor en la solapa | ||
| 500 | _aIncluye referencias bibliográficas y notas al pie de las páginas | ||
| 650 | 4 |
_aPrueba (Derecho) _919633 |
|
| 650 | 4 |
_aDerecho penal _zRepública Dominicana _917405 |
|
| 650 | 4 |
_aJusticia _946174 |
|
| 650 | 4 |
_aAdministración de justicia penal _915988 |
|
| 700 | 1 |
_aJáquez Liranzo, Ramón A. _946175 |
|
| 700 | 1 |
_aPena Acevedo, Ramón _epról. _946176 |
|
| 942 |
_2ddc _cLBS1 |
||
| 999 |
_c21890 _d21890 |
||